000 00740nam a2200265 i 4500
001 C2-0293684
003 PPAK
005 20180728025509.0
008 090203s2008 xxca|||| ||||| | eng d
020 _a9780778735427
040 _aPPAK
_beng
_cPPAK
_erda
082 0 4 _a392.36
_223
090 0 0 _a392.36
_bBAR
_dRK
100 1 _aBarber, Nicola,
_eauthor
245 1 0 _aCity homes
264 1 _aCanada :
_bCrabtree Publishing ,
_c2008
300 _a32 pages :
_bcolour illustrations ;
_c27 cm
336 _2rdacontent
_atext
337 _2rdamedia
_aunmediated
338 _2rdacarrier
_avolume
490 1 _aHomes around the world
650 1 0 _aDwellings - Juvenile literature
830 0 _aHomes around the world
942 _ddc
_cB
999 _c98369
_d98369